| 000 | 00587cam a22002054a 4500 | ||
|---|---|---|---|
| 003 | KenMUT | ||
| 005 | 20250719125623.0 | ||
| 008 | 070516s2006 maua b 001 0 eng | ||
| 010 | _a 2007275404 | ||
| 020 | _a0534423663 | ||
| 040 | _cMUT | ||
| 050 | 0 | 0 |
_aQA 76.76 _b.O63 F59 2006 |
| 100 | 1 | _aFlynn, Ida M., | |
| 245 | 1 | 0 | _aUnderstanding operating systems / |
| 250 | _a4th ed. | ||
| 260 |
_aBoston, Mass. : _bThomson Course Technology, _c2006. |
||
| 650 | 0 | _aOperating systems (Computers) | |
| 700 | 1 | _aMcHoes, Ann McIver, | |
| 942 |
_2lcc _cBK _n0 |
||
| 999 |
_c22385 _d22385 |
||